000 01734nam a22002537a 4500
999 _c63425
_d63425
003 Ge_BSU
005 20251007161635.0
008 251007s2021 ge ||||| |||| 00| 0 geo d
020 _a9789941958977
041 _ageo
080 _a005.95 H-24
245 _aHBR-ის გზამკვლევი გუნდის მოტივირებისთვის :
_bგაზარდე თანამშრომლობის ჩართულობა, ენერგიულად აამუშავე გუნდი, ხელი შეუწყვე პროდუქტიულობის ზრდას /
_cმთარგმნელი თამთა ჭალიძე; სამეცნიერო რედაქტორი ანი გაგუა; რედაქტორი ნინო გოგალაძე; დიზაინერი თამარ ჭაბუკიანი.
264 _aთბილისი :
_bHarvard Business Reviev Press,
_c2021
300 _a260 გვ. ;
_b23 სმ.
490 _aმეტი, ვიდრე გზამკვლევი
653 _aბიზნესლიტერატურა
653 _aპერსონალის მართვა
653 _aპროდიქტუილობა.
700 _aჭალიძე, თამთა
_eმთარგმნელი
_925950
700 _aგაგუა, ანი
_eსამეცნიერო რედაქტორი
_925951
700 _aგოგალაძე, ნინო
_eრედაქტორი
_912334
700 _aჭაბუკიანი, თამარ
_eდიზაინერი
_925952
942 _2udc
_cᲬᲘᲒᲜᲘ